[Event "Dubai op 10th"]
[Site "Dubai"]
[Date "2008.04.06"]
[Round "1"]
[White "Salem, AR Saleh"]
[Black "Kayle, Charles"]
[Result "1-0"]
[WhiteElo "2429"]
[BlackElo "2059"]
[PlyCount "78"]
[EventDate "2008.04.06"]
[EventType "swiss"]
[EventRounds "9"]
[EventCountry "UAE"]
[SourceTitle "CBM 123 Extra"]
[Source "ChessBase"]
[SourceDate "2008.05.06"]
[SourceVersion "1"]
[SourceVersionDate "2008.05.06"]
[SourceQuality "1"]

1. d4 d5 2. c4 e6 3. Nc3 Nf6 4. cxd5 exd5 5. Bg5 Be7 6. e3 0-0 7. Bd3 c6 8. Qc2 Nbd7 9. Nge2 Re8 10. 0-0-0 Nf8 11. h3 Ne4 12. Bxe7 Qxe7 13. Bxe4 dxe4 14. g4 f5 15. gxf5 Bxf5 16. Ng3 Bg6 17. h4 b5 18. h5 Bf7 19. Rhg1 Be6 20. Ncxe4 Bg4 21. Rde1 Qe6 22. Nc5 Qxa2 23. Nge4 Be6 24. Nf6+ Kh8 25. Nxe8 Rxe8 26. h6 Qa1+ 27. Kd2 Qa5+ 28. Qc3 Qxc3+ 29. bxc3 gxh6 30. Ra1 Bd5 31. Rxa7 Ng6 32. e4 Bc4 33. Rh1 Rf8 34. Rxh6 Rxf2+ 35. Ke3 Re2+ 36. Kf3 Nf8 37. Rf6 Ng6 38. Rxc6 Re1 39. Rc8+ Bg8 1-0

[Event "Olympiad-36"]
[Site "Mallorca"]
[Date "2004.10.28"]
[Round "13"]
[White "Cordova, Emilio"]
[Black "Kayle, Charles"]
[Result "1-0"]
[WhiteElo "2347"]
[BlackElo "2036"]
[PlyCount "123"]
[EventDate "2004.10.15"]
[EventType "team-swiss"]
[EventRounds "14"]
[EventCountry "ESP"]
[SourceTitle "CBM 104"]
[Source "ChessBase"]
[SourceDate "2005.01.27"]
[SourceVersion "1"]
[SourceVersionDate "2005.01.27"]
[SourceQuality "1"]
[WhiteTeam "Peru"]
[BlackTeam "Palestine"]
[WhiteTeamCountry "PER"]
[BlackTeamCountry "PLE"]

1. d4 d5 2. c4 e6 3. Nf3 Nf6 4. g3 Be7 5. Bg2 0-0 6. 0-0 dxc4 7. Nc3 c5 8. dxc5 Nc6 9. Qa4 Qa5 10. Qxc4 Qxc5 11. Qxc5 Bxc5 12. Bg5 Bd7 13. Rac1 Be7 14. a3 Rfd8 15. b4 Rac8 16. e4 h6 17. Bf4 Be8 18. e5 Nd5 19. Nxd5 Rxd5 20. Rc3 Rcd8 21. h4 a5 22. bxa5 Rxa5 23. Rb1 Rxa3 24. Rxa3 Bxa3 25. Rxb7 Be7 26. Nd2 Kf8 27. Nc4 Nd4 28. Be3 Bc6 29. Bxc6 Nxc6 30. Bb6 Rb8 31. Rc7 Nb4 32. Ba7 Rd8 33. Kg2 Nd5 34. Rb7 g6 35. Bb8 Rc8 36. Nd6 Rd8 37. Nb5 Ke8 38. Nd6+ Kf8 39. Ne4 Ke8 40. Bd6 Rd7 41. Rb3 f5 42. Nc5 Bxd6 43. Nxd7 Kxd7 44. exd6 Kxd6 45. Rb7 Ke5 46. h5 Kf6 47. hxg6 Kxg6 48. f4 Ne3+ 49. Kf3 Ng4 50. Rb6 Kf7 51. Ke2 h5 52. Kf3 Kf6 53. Kg2 Kf7 54. Kh3 Nf6 55. Rb7+ Kf8 56. Kh4 Ke8 57. Rb3 Kf7 58. Kg5 Ne4+ 59. Kxh5 Kf6 60. Kh4 Kg6 61. Re3 Nc5 62. Re5 1-0

[Event "Olympiad-36"]
[Site "Mallorca"]
[Date "2004.10.26"]
[Round "11"]
[White "Kayle, Charles"]
[Black "Asabri, Hussien"]
[Result "1/2-1/2"]
[WhiteElo "2036"]
[BlackElo "2286"]
[PlyCount "101"]
[EventDate "2004.10.15"]
[EventType "team-swiss"]
[EventRounds "14"]
[EventCountry "ESP"]
[SourceTitle "CBM 104"]
[Source "ChessBase"]
[SourceDate "2005.01.27"]
[SourceVersion "1"]
[SourceVersionDate "2005.01.27"]
[SourceQuality "1"]
[WhiteTeam "Palestine"]
[BlackTeam "Libya"]
[WhiteTeamCountry "PLE"]
[BlackTeamCountry "LBY"]

1. d4 Nf6 2. c4 c5 3. d5 b5 4. cxb5 a6 5. bxa6 g6 6. Nc3 Bxa6 7. Nf3 d6 8. e4 Bxf1 9. Kxf1 Nbd7 10. g3 Bg7 11. Kg2 0-0 12. Re1 Qa5 13. e5 dxe5 14. Nxe5 Nxe5 15. Rxe5 Ra7 16. Qf3 Ne8 17. Re4 Nd6 18. Ra4 Qb6 19. Rxa7 Qxa7 20. Bf4 Nf5 21. Re1 Qb7 22. Na4 Qb4 23. Qe4 Bd4 24. b3 h5 25. Re2 Rd8 26. Rc2 Qb5 27. Nc3 Qb7 28. Be3 Bxe3 29. fxe3 Rd6 30. Kg1 Qd7 31. Qf4 Qa7 32. Nb5 Qa5 33. Nxd6 Qe1+ 34. Qf1 Qxf1+ 35. Kxf1 Nxe3+ 36. Kf2 Nxc2 37. Ne4 Nb4 38. Nxc5 Nxa2 39. Nd3 Nc3 40. Nb4 Ne4+ 41. Ke3 Nc5 42. Nc6 Nxb3 43. Nxe7+ Kf8 44. Nc6 Ke8 45. Kf4 f6 46. h3 Kd7 47. g4 hxg4 48. hxg4 Kd6 49. g5 fxg5+ 50. Kxg5 Kxd5 51. Kxg6 1/2-1/2

[Event "Olympiad-36"]
[Site "Mallorca"]
[Date "2004.10.17"]
[Round "3"]
[White "Kayle, Charles"]
[Black "Chinasamy, Devarajen"]
[Result "1/2-1/2"]
[WhiteElo "2036"]
[BlackElo "2200"]
[PlyCount "29"]
[EventDate "2004.10.15"]
[EventType "team-swiss"]
[EventRounds "14"]
[EventCountry "ESP"]
[SourceTitle "CBM 104"]
[Source "ChessBase"]
[SourceDate "2005.01.27"]
[SourceVersion "1"]
[SourceVersionDate "2005.01.27"]
[SourceQuality "1"]
[WhiteTeam "Palestine"]
[BlackTeam "Mauritius"]
[WhiteTeamCountry "PLE"]
[BlackTeamCountry "MRI"]

1. d4 e6 2. c4 f5 3. g3 Nf6 4. Bg2 Be7 5. Nc3 0-0 6. Nf3 d6 7. 0-0 a5 8. b3 Ne4 9. Bb2 Nxc3 10. Bxc3 Bf6 11. Qc2 Nc6 12. Rad1 Qe8 13. a3 e5 14. dxe5 dxe5 15. e4 1/2-1/2

[Event "Olympiad-36"]
[Site "Mallorca"]
[Date "2004.10.15"]
[Round "1"]
[White "D'Amore, Carlo"]
[Black "Kayle, Charles"]
[Result "1-0"]
[WhiteElo "2448"]
[BlackElo "2036"]
[PlyCount "75"]
[EventDate "2004.10.15"]
[EventType "team-swiss"]
[EventRounds "14"]
[EventCountry "ESP"]
[SourceTitle "CBM 104"]
[Source "ChessBase"]
[SourceDate "2005.01.27"]
[SourceVersion "1"]
[SourceVersionDate "2005.01.27"]
[SourceQuality "1"]
[WhiteTeam "Italy"]
[BlackTeam "Palestine"]
[WhiteTeamCountry "ITA"]
[BlackTeamCountry "PLE"]

1. Nf3 d5 2. g3 Nf6 3. Bg2 Bg4 4. b3 Nbd7 5. Bb2 e6 6. d3 Bd6 7. Nbd2 0-0 8. h3 Bh5 9. 0-0 Qe7 10. e4 Ba3 11. Qc1 Bxb2 12. Qxb2 c6 13. Rfe1 a5 14. a3 Rfc8 15. Nd4 Qf8 16. e5 Ne8 17. f4 Bg6 18. g4 h6 19. f5 exf5 20. gxf5 Bh7 21. c4 Nc5 22. Re3 Nc7 23. cxd5 Nxd5 24. Bxd5 cxd5 25. Kf1 Qd8 26. N2f3 a4 27. Qg2 Kh8 28. e6 fxe6 29. Ne5 Qb6 30. Nf7+ Kg8 31. f6 g6 32. Nxh6+ Kh8 33. Qg5 Ne4 34. Qe5 Qc7 35. dxe4 dxe4 36. Nxe6 Qxe5 37. Nf7+ Kg8 38. Nxe5 1-0

[Event "Dubai zt 3.1a"]
[Site "Dubai"]
[Date "2003.10.07"]
[Round "3"]
[White "Kayle, Charles"]
[Black "Tayeb, Suhail"]
[Result "1/2-1/2"]
[WhiteElo "2070"]
[BlackElo "2241"]
[PlyCount "27"]
[EventDate "2003.10.06"]
[EventType "swiss"]
[EventRounds "9"]
[EventCountry "UAE"]
[SourceTitle "CBM 097 Extra"]
[Source "ChessBase"]
[SourceDate "2004.01.13"]
[SourceVersion "1"]
[SourceVersionDate "2004.01.13"]
[SourceQuality "1"]

1. d4 Nf6 2. c4 a6 3. Nc3 c5 4. d5 b5 5. cxb5 axb5 6. e4 b4 7. Nb5 d6 8. Bc4 Nbd7 9. Nf3 Nb6 10. Bd3 Bg4 11. Bg5 g6 12. Bxf6 exf6 13. 0-0 Be7 14. a3 1/2-1/2

[Event "Asia-ch 4th"]
[Site "Doha"]
[Date "2003.03.01"]
[Round "8"]
[White "Kayle, Charles"]
[Black "Issa, Rafat"]
[Result "0-1"]
[WhiteElo "2063"]
[BlackElo "2331"]
[PlyCount "100"]
[EventDate "2003.02.22"]
[EventType "swiss"]
[EventRounds "9"]
[EventCountry "QAT"]
[SourceTitle "CBM 094"]
[Source "ChessBase"]
[SourceDate "2003.05.26"]
[SourceVersion "1"]
[SourceVersionDate "2003.05.26"]
[SourceQuality "1"]

1. d4 Nf6 2. c4 c5 3. d5 e6 4. Nc3 exd5 5. cxd5 g6 6. e4 d6 7. f4 Bg7 8. Nf3 0-0 9. Be2 Nbd7 10. 0-0 Re8 11. Nd2 a6 12. a4 b6 13. Bf3 Rb8 14. Nc4 Qc7 15. e5 dxe5 16. d6 Qd8 17. fxe5 Nxe5 18. Nxe5 Rxe5 19. Bf4 Rf5 20. Qd2 Nh5 21. Bxh5 Rxh5 22. Rae1 Be6 23. Ne4 h6 24. Kh1 Rd5 25. Qe3 Kh7 26. Nc3 Rf5 27. Qg3 Qd7 28. Be3 Be5 29. Bf4 Bg7 30. Be3 Re8 31. Rxf5 Bxf5 32. Nd5 Re6 33. Nxb6 Qxd6 34. Qxd6 Rxd6 35. a5 Re6 36. Bf2 Rxe1+ 37. Bxe1 Bxb2 38. h3 Be6 39. Kh2 Bb3 40. Nd7 c4 41. Kg3 c3 42. Nc5 Bd1 43. Nd3 Be2 44. Nb4 f5 45. Kf2 Bc4 46. Ke3 g5 47. Nc2 Bd5 48. Kd4 Bxg2 49. Bxc3 Bxc3+ 50. Kxc3 Bxh3 0-1

[Event "Olympiad-35"]
[Site "Bled"]
[Date "2002.11.02"]
[Round "8.1"]
[White "Kayle, Charles"]
[Black "Phillips, Roy Jean Noel"]
[Result "0-1"]
[WhiteElo "2084"]
[BlackElo "2204"]
[PlyCount "84"]
[EventDate "2002.10.26"]
[EventType "team-swiss"]
[EventRounds "14"]
[EventCountry "SLO"]
[SourceTitle "EXT 2003"]
[Source "ChessBase"]
[SourceDate "2002.11.25"]
[SourceVersion "1"]
[SourceVersionDate "2002.11.25"]
[SourceQuality "1"]
[WhiteTeam "Palestine"]
[BlackTeam "Mauritius"]
[WhiteTeamCountry "PLE"]
[BlackTeamCountry "MRI"]

1. d4 Nf6 2. c4 g6 3. Nc3 Bg7 4. e4 d6 5. f4 0-0 6. Nf3 Na6 7. e5 Nd7 8. Be2 c5 9. exd6 exd6 10. d5 Bxc3+ 11. bxc3 f5 12. 0-0 Nf6 13. Bd3 Qa5 14. Rb1 Qxa2 15. Rb5 Nc7 16. Rf2 Qa6 17. Rbb2 b6 18. Rfe2 Bd7 19. Re7 Rae8 20. Rbe2 Qc8 21. Bd2 Rxe7 22. Rxe7 Qd8 23. Re2 Re8 24. Be1 Rxe2 25. Qxe2 Qe8 26. Bh4 Qxe2 27. Bxe2 Ne4 28. Bd8 Ne8 29. Ng5 Nxc3 30. Bd3 h6 31. Ne6 Kf7 32. Nc7 Nxc7 33. Bxc7 Ke7 34. g4 b5 35. Ba5 bxc4 36. Bxc4 Bb5 37. Bb3 Ne2+ 38. Kf2 fxg4 39. Bd2 Nd4 40. Bd1 h5 41. Kg3 Nf5+ 42. Kg2 Bc4 0-1

[Event "Olympiad-34"]
[Site "Istanbul"]
[Date "2000.11.09"]
[Round "12.2"]
[White "Kayle, Charles"]
[Black "Harper, Ryan"]
[Result "1/2-1/2"]
[WhiteElo "2097"]
[BlackElo "2122"]
[PlyCount "120"]
[EventDate "2000.10.28"]
[EventType "team-swiss"]
[EventRounds "14"]
[EventCountry "TUR"]
[SourceTitle "EXT 2001"]
[Source "ChessBase"]
[SourceDate "2000.11.22"]
[SourceVersion "1"]
[SourceVersionDate "2000.11.22"]
[SourceQuality "1"]
[WhiteTeam "Palestine"]
[BlackTeam "Trinidad and Tobago"]
[WhiteTeamCountry "PLE"]
[BlackTeamCountry "TRI"]

1. d4 Nf6 2. c4 g6 3. Nc3 Bg7 4. e4 d6 5. f4 0-0 6. Nf3 c5 7. d5 b5 8. cxb5 a6 9. bxa6 Qb6 10. e5 dxe5 11. fxe5 Ng4 12. d6 e6 13. a4 Nxa6 14. Bb5 Nb4 15. 0-0 c4+ 16. Kh1 Nf2+ 17. Rxf2 Qxf2 18. Bxc4 Bb7 19. Qe2 Qxe2 20. Bxe2 Bxf3 21. Bxf3 Rab8 22. Bg5 f6 23. exf6 Bxf6 24. Bxf6 Rxf6 25. Rd1 Kf8 26. Ne4 Rf5 27. h4 h6 28. d7 Rd5 29. Rxd5 exd5 30. Nc5 Ke7 31. Bg4 h5 32. Bh3 Nc6 33. Nd3 Kd6 34. b4 d4 35. Kg1 Kd5 36. Kf2 Rd8 37. Ke2 Nb8 38. Nc5 Kc6 39. Kd3 Kb6 40. Kxd4 Nc6+ 41. Kc4 Rg8 42. a5+ Kc7 43. Be6 Rf8 44. Bd5 Rf4+ 45. Kc3 Nd8 46. a6 Kb6 47. Nb7 Rf8 48. Nxd8 Rxd8 49. Be6 Kxa6 50. Kc4 Kb6 51. Kd5 Kc7 52. b5 Rf8 53. Kc5 Rf1 54. b6+ Kd8 55. b7 Rb1 56. Kc6 Rc1+ 57. Kd6 Rb1 58. Bd5 Rb2 59. Bc6 Rd2+ 60. Kc5 Kc7 1/2-1/2

[Event "Olympiad-34"]
[Site "Istanbul"]
[Date "2000.11.02"]
[Round "6.2"]
[White "Kayle, Charles"]
[Black "Ker, Anthony F"]
[Result "0-1"]
[WhiteElo "2097"]
[BlackElo "2348"]
[PlyCount "60"]
[EventDate "2000.10.28"]
[EventType "team-swiss"]
[EventRounds "14"]
[EventCountry "TUR"]
[SourceTitle "EXT 2001"]
[Source "ChessBase"]
[SourceDate "2000.11.22"]
[SourceVersion "1"]
[SourceVersionDate "2000.11.22"]
[SourceQuality "1"]
[WhiteTeam "Palestine"]
[BlackTeam "New Zealand"]
[WhiteTeamCountry "PLE"]
[BlackTeamCountry "NZL"]

1. d4 Nf6 2. c4 c5 3. d5 b5 4. cxb5 a6 5. Nc3 axb5 6. e4 b4 7. Nb5 d6 8. Bc4 g6 9. e5 dxe5 10. d6 Na6 11. Bg5 Bg7 12. Nf3 0-0 13. Nxe5 exd6 14. Qxd6 Qxd6 15. Nxd6 Be6 16. 0-0 Ne8 17. Nxe8 Bxe5 18. Bxe6 fxe6 19. Rae1 Rf5 20. Rxe5 Rxe5 21. f4 Re2 22. Nf6+ Kf7 23. Rd1 Nb8 24. Nxh7 Rxa2 25. h4 Rexb2 26. Rd8 Rxg2+ 27. Kh1 Rgd2 28. Rf8+ Kg7 29. Bf6+ Kh6 30. Bg5+ Kxh7 0-1

[Event "Olympiad-34"]
[Site "Istanbul"]
[Date "2000.11.01"]
[Round "5.2"]
[White "Opio, Steven"]
[Black "Kayle, Charles"]
[Result "1/2-1/2"]
[WhiteElo "2185"]
[BlackElo "2097"]
[PlyCount "20"]
[EventDate "2000.10.28"]
[EventType "team-swiss"]
[EventRounds "14"]
[EventCountry "TUR"]
[SourceTitle "EXT 2001"]
[Source "ChessBase"]
[SourceDate "2000.11.22"]
[SourceVersion "1"]
[SourceVersionDate "2000.11.22"]
[SourceQuality "1"]
[WhiteTeam "Uganda"]
[BlackTeam "Palestine"]
[WhiteTeamCountry "UGA"]
[BlackTeamCountry "PLE"]

1. d4 d5 2. c4 e6 3. Nc3 Nf6 4. Bg5 Be7 5. Qc2 0-0 6. e3 Na6 7. Nf3 c5 8. a3 Qa5 9. Rc1 h6 10. Bh4 cxd4 1/2-1/2

[Event "Olympiad-34"]
[Site "Istanbul"]
[Date "2000.10.28"]
[Round "1.2"]
[White "Kayle, Charles"]
[Black "Sanduleac, Vasile"]
[Result "0-1"]
[WhiteElo "2097"]
[BlackElo "2438"]
[PlyCount "112"]
[EventDate "2000.10.28"]
[EventType "team-swiss"]
[EventRounds "14"]
[EventCountry "TUR"]
[SourceTitle "EXT 2001"]
[Source "ChessBase"]
[SourceDate "2000.11.22"]
[SourceVersion "1"]
[SourceVersionDate "2000.11.22"]
[SourceQuality "1"]
[WhiteTeam "Palestine"]
[BlackTeam "Moldova"]
[WhiteTeamCountry "PLE"]
[BlackTeamCountry "MDA"]

1. d4 d5 2. c4 c6 3. cxd5 cxd5 4. Nc3 Nf6 5. Nf3 Nc6 6. Bf4 a6 7. e3 Bg4 8. Bd3 Bxf3 9. Qxf3 e6 10. 0-0 Be7 11. Rac1 0-0 12. a3 Rc8 13. Na4 Nd7 14. b4 a5 15. b5 Na7 16. Rxc8 Nxc8 17. Ra1 Ncb6 18. Nxb6 Nxb6 19. Qd1 Bd6 20. Bxd6 Qxd6 21. g3 g6 22. Rc1 Qxa3 23. Kg2 Rc8 24. Rxc8+ Nxc8 25. h4 Qc3 26. h5 Kg7 27. g4 Nb6 28. g5 Qc7 29. hxg6 hxg6 30. Qg4 Nd7 31. Qh4 Nf8 32. Qh6+ Kg8 33. Qh1 b6 34. Qb1 e5 35. Qc2 Qxc2 36. Bxc2 exd4 37. exd4 Ne6 38. Bb3 Kf8 39. Kg3 Nxg5 40. Kf4 f6 41. Bxd5 Ke7 42. Bb3 Kd6 43. Ke3 Ne6 44. Ke4 f5+ 45. Kd3 Nf4+ 46. Kd2 g5 47. Ke3 Nd5+ 48. Kd3 g4 49. Bc4 a4 50. Kd2 f4 51. Kc1 g3 52. fxg3 fxg3 53. Bf1 Ne3 54. Bh3 g2 55. Bxg2 Nxg2 56. Kb2 Kd5 0-1

[Event "Arab-ch 4th"]
[Site "Beirut"]
[Date "2000.08.07"]
[Round "3"]
[White "Kayle, Charles"]
[Black "Doghri, Nabil"]
[Result "0-1"]
[WhiteElo "2097"]
[BlackElo "2342"]
[PlyCount "105"]
[EventDate "2000.08.05"]
[EventType "swiss"]
[EventRounds "9"]
[EventCountry "LBN"]
[SourceTitle "CBM 077 Extra"]
[Source "ChessBase"]
[SourceDate "2000.09.14"]
[SourceVersion "1"]
[SourceVersionDate "2000.09.14"]
[SourceQuality "1"]

1. d4 Nf6 2. c4 e6 3. Nc3 Bb4 4. Qc2 c5 5. dxc5 Na6 6. Nf3 Nxc5 7. g3 Nce4 8. Bg2 0-0 9. 0-0 Nxc3 10. bxc3 Be7 11. e4 d6 12. e5 dxe5 13. Nxe5 Qc7 14. Qe2 Bd6 15. Bf4 g5 16. c5 gxf4 17. cxd6 Qxd6 18. gxf4 Qe7 19. Rab1 Kh8 20. c4 Ne8 21. Qh5 Ng7 22. Qh3 Nf5 23. Be4 Rg8+ 24. Kh1 f6 25. Ng4 Rb8 26. Rfe1 Qf8 27. c5 Rg7 28. Rg1 Bd7 29. Qc3 Rf7 30. Rxb7 Rxb7 31. Bxb7 Be8 32. Be4 h5 33. Ne3 Rc7 34. c6 Ne7 35. Rg5 Qh6 36. Bf3 e5 37. Rxe5 Qxf4 38. Nd5 Nxd5 39. Rxd5 Rxc6 40. Rd4 Rxc3 41. Rxf4 Rxf3 42. Rxf3 Bc6 43. Kg2 h4 44. Kh3 Bxf3 45. Kxh4 Kg7 46. Kg3 Bd5 47. a3 f5 48. Kf4 Kf6 49. a4 a5 50. h4 Bb3 51. h5 Bxa4 52. h6 Bc2 53. Ke3 0-1

[Event "Arab-ch 4th"]
[Site "Beirut"]
[Date "2000.08.06"]
[Round "2"]
[White "Mohammad, Samir"]
[Black "Kayle, Charles"]
[Result "1-0"]
[WhiteElo "2287"]
[BlackElo "2097"]
[PlyCount "40"]
[EventDate "2000.08.05"]
[EventType "swiss"]
[EventRounds "9"]
[EventCountry "LBN"]
[SourceTitle "CBM 077 Extra"]
[Source "ChessBase"]
[SourceDate "2000.09.14"]
[SourceVersion "1"]
[SourceVersionDate "2000.09.14"]
[SourceQuality "1"]

1. d4 d5 2. c4 e6 3. Nc3 Nf6 4. Nf3 Be7 5. Bg5 h6 6. Bh4 0-0 7. e3 b6 8. Rc1 Bb7 9. Bxf6 Bxf6 10. cxd5 exd5 11. Bd3 Re8 12. 0-0 Nd7 13. Nb5 Rc8 14. Nxa7 Ra8 15. Nb5 Rxa2 16. Qb3 Ra5 17. Nxc7 Nc5 18. Rxc5 Rxc5 19. Nxe8 Rc8 20. Nxf6+ Qxf6 1-0

[Event "Asia Cities-ch 12th"]
[Site "Beirut"]
[Date "2000.03.23"]
[Round "6"]
[White "Kayle, Charles"]
[Black "Al Modiahki, Mohamad"]
[Result "0-1"]
[WhiteElo "2098"]
[BlackElo "2538"]
[PlyCount "106"]
[EventDate "2000.03.19"]
[EventType "team-swiss"]
[EventRounds "9"]
[EventCountry "LBN"]
[SourceTitle "EXT 2020"]
[Source "ChessBase"]
[SourceDate "2019.10.17"]
[SourceVersion "1"]
[SourceVersionDate "2019.10.17"]
[SourceQuality "1"]
[WhiteTeam "Gaza"]
[BlackTeam "Doha"]
[WhiteTeamCountry "PLE"]
[BlackTeamCountry "QAT"]

1. d4 Nf6 2. c4 g6 3. Nc3 Bg7 4. e4 d6 5. f4 0-0 6. Nf3 c5 7. d5 e6 8. Be2 exd5 9. cxd5 Bg4 10. 0-0 Nbd7 11. a4 Re8 12. h3 Bxf3 13. Bxf3 c4 14. Be3 Qa5 15. Bd4 Rad8 16. g4 Nc5 17. g5 Nfd7 18. Bxg7 Kxg7 19. Qd4+ Kg8 20. Qxc4 Qb6 21. a5 Qxb2 22. Ra2 Qb3 23. Qxb3 Nxb3 24. Nb5 Ndc5 25. Nxa7 Nd4 26. a6 Nxf3+ 27. Rxf3 Rxe4 28. axb7 Nxb7 29. Nb5 Rb4 30. Nc3 Rc8 31. Kg2 Rbc4 32. Nb5 Rb4 33. Na7 Ra8 34. Kg3 Nc5 35. Nc6 Ne4+ 36. Kh4 Rxa2 37. Nxb4 Ra4 38. Nc6 h6 39. gxh6 Kh7 40. Rb3 Kxh6 41. Rb4 Rxb4 42. Nxb4 f5 43. Nd3 Nc3 44. Nb4 Ne2 45. Nd3 Nc3 46. Nb4 Ne4 47. Nd3 Kg7 48. Nb4 Kf6 49. Nc6 Kf7 50. Nb4 Kg7 51. Nc6 Nc3 52. Nb4 Ne2 53. Nd3 Kh6 0-1

[Event "Asia Cities-ch 12th"]
[Site "Beirut"]
[Date "2000.03.23"]
[Round "7"]
[White "Kayle, Charles"]
[Black "Bukhalaf, Ebrahim"]
[Result "1/2-1/2"]
[WhiteElo "2098"]
[BlackElo "2035"]
[PlyCount "66"]
[EventDate "2000.03.19"]
[EventType "team-swiss"]
[EventRounds "9"]
[EventCountry "LBN"]
[SourceTitle "EXT 2020"]
[Source "ChessBase"]
[SourceDate "2019.10.17"]
[SourceVersion "1"]
[SourceVersionDate "2019.10.17"]
[SourceQuality "1"]
[WhiteTeam "Gaza"]
[BlackTeam "Manama"]
[WhiteTeamCountry "PLE"]
[BlackTeamCountry "BHN"]

1. d4 d5 2. c4 c6 3. cxd5 cxd5 4. Nc3 Nf6 5. Nf3 Nc6 6. Bf4 e6 7. e3 Be7 8. Bd3 0-0 9. 0-0 a6 10. Rc1 Bd7 11. Na4 Nh5 12. Ne5 Nxf4 13. exf4 Nxd4 14. Nxd7 Qxd7 15. Nb6 Qd6 16. Nxa8 Rxa8 17. Bxh7+ Kxh7 18. Qxd4 Bf6 19. Qd3+ g6 20. g3 Kg7 21. Rc2 Rh8 22. Rfc1 Rh3 23. Kg2 Rh5 24. a3 e5 25. fxe5 Qxe5 26. Rc7 Qe6 27. h4 g5 28. Qf3 Rh7 29. Rd1 d4 30. Qxb7 gxh4 31. Qf3 Rh6 32. Rc6 Qe5 33. Rxf6 h3+ 1/2-1/2

[Event "Asia Cities-ch 12th"]
[Site "Beirut"]
[Date "2000.03.19"]
[Round "1"]
[White "Kayle, Charles"]
[Black "Eid, Fadi"]
[Result "1/2-1/2"]
[WhiteElo "2098"]
[BlackElo "2389"]
[PlyCount "32"]
[EventDate "2000.03.19"]
[EventType "team-swiss"]
[EventRounds "9"]
[EventCountry "LBN"]
[SourceTitle "EXT 2020"]
[Source "ChessBase"]
[SourceDate "2019.10.17"]
[SourceVersion "1"]
[SourceVersionDate "2019.10.17"]
[SourceQuality "1"]
[WhiteTeam "Gaza"]
[BlackTeam "Beirut"]
[WhiteTeamCountry "PLE"]
[BlackTeamCountry "LBN"]

1. d4 Nf6 2. c4 g6 3. Nc3 Bg7 4. e4 d6 5. f4 0-0 6. Nf3 Na6 7. e5 Nd7 8. Be2 c5 9. exd6 cxd4 10. Nxd4 Nb6 11. Be3 Qxd6 12. 0-0 Qc5 13. Nc2 Qa5 14. Nd4 Qc5 15. Nc2 Qc6 16. Nd4 Qc5 1/2-1/2

[Event "Olympiad-33"]
[Site "Elista"]
[Date "1998.10.02"]
[Round "4.2"]
[White "Kayle, Charles"]
[Black "Cueto Chajtur, Johny"]
[Result "0-1"]
[WhiteElo "2090"]
[BlackElo "2350"]
[PlyCount "88"]
[EventDate "1998.09.29"]
[EventType "team-swiss"]
[EventRounds "13"]
[EventCountry "RUS"]
[SourceTitle "CBM 068"]
[Source "ChessBase"]
[SourceDate "1999.02.01"]
[SourceVersion "1"]
[SourceVersionDate "1999.02.01"]
[SourceQuality "1"]
[WhiteTeam "Palestine"]
[BlackTeam "Bolivia"]
[WhiteTeamCountry "PLE"]
[BlackTeamCountry "BOL"]

1. d4 d5 2. c4 c6 3. cxd5 cxd5 4. Nc3 Nc6 5. Nf3 Nf6 6. Bf4 Bf5 7. e3 e6 8. Bb5 Bd6 9. Ne5 Bxe5 10. Bxe5 0-0 11. Bxc6 bxc6 12. 0-0 Nd7 13. Bd6 Re8 14. Rc1 Rc8 15. Na4 e5 16. b4 exd4 17. exd4 a5 18. a3 Qf6 19. Bc5 axb4 20. axb4 Re4 21. Nb6 Rce8 22. Nxd7 Bxd7 23. Rc3 Qe6 24. Qd2 Bc8 25. Re3 Rxe3 26. Qxe3 Qxe3 27. fxe3 Rxe3 28. Kf2 Ra3 29. Re1 Be6 30. Re3 Ra6 31. g4 g5 32. Kg3 Ra1 33. h3 Kg7 34. Bd6 Kg6 35. Be7 Rd1 36. Bc5 h5 37. gxh5+ Kxh5 38. Bb6 Rb1 39. Bc5 Rb2 40. Be7 Bf5 41. Re5 Kg6 42. Re3 Be4 43. Bxg5 Kxg5 44. h4+ Kf5 0-1

[Event "Olympiad-33"]
[Site "Elista"]
[Date "1998.09.29"]
[Round "1.2"]
[White "Kayle, Charles"]
[Black "Forster, Richard"]
[Result "0-1"]
[WhiteElo "2090"]
[BlackElo "2475"]
[PlyCount "60"]
[EventDate "1998.09.29"]
[EventType "team-swiss"]
[EventRounds "13"]
[EventCountry "RUS"]
[SourceTitle "CBM 068"]
[Source "ChessBase"]
[SourceDate "1999.02.01"]
[SourceVersion "1"]
[SourceVersionDate "1999.02.01"]
[SourceQuality "1"]
[WhiteTeam "Palestine"]
[BlackTeam "Switzerland"]
[WhiteTeamCountry "PLE"]
[BlackTeamCountry "SUI"]

1. d4 Nf6 2. c4 g6 3. Nc3 Bg7 4. e4 d6 5. f4 0-0 6. Nf3 a6 7. Be2 c5 8. d5 b5 9. cxb5 axb5 10. e5 dxe5 11. fxe5 Ng4 12. Bf4 Nd7 13. Bxb5 Ndxe5 14. 0-0 Qb6 15. Nxe5 Nxe5 16. Qe2 Ba6 17. a4 c4+ 18. Kh1 Nd3 19. a5 Qc5 20. Bc6 Rac8 21. Na4 Qd4 22. Be3 Qe5 23. Nb6 Rcd8 24. Nd7 Rxd7 25. Bxd7 Qxd5 26. Bg4 Bxb2 27. Bf3 Qe5 28. Rae1 Bc3 29. Bh6 Nxe1 30. Qxe5 Bxe5 0-1